| 000 | 01271cam a22003737a 4500 | ||
|---|---|---|---|
| 003 | CHAP | ||
| 005 | 20220329141356.0 | ||
| 008 | 971013s1988 r 00010 d | ||
| 010 | _a67238 | ||
| 011 | _a68210 | ||
| 035 | _a77682 | ||
| 040 | _cCHAP | ||
| 090 | _aFolleto 12241 | ||
| 100 | 0 | 0 |
_aCaycedo, Hans. _920632 |
| 245 | 0 | _aComportamiento de 11 especies forestales en diferentes unidades fisiográficas de la región de Bajaya-Choco-Colombia | |
| 260 |
_aBogotá : _bCorporación Nacional de Investigación y Fomento Forestal, _c1988 |
||
| 300 |
_a36 p. _b: ilus. |
||
| 490 | 0 |
_aSerie técnica. Folleto _v; 27 |
|
| 590 |
_aBATCH-UPD _b10 _c20130110 _lUCH01 _h0419 |
||
| 590 |
_aBATCH-UPD _b10 _c20130110 _lUCH01 _h2115 |
||
| 590 |
_aBATCH-UPD _b10 _c20130410 _lUCH01 _h0053 |
||
| 590 |
_aBATCH-UPD _b10 _c20130914 _lUCH01 _h0841 |
||
| 590 |
_aCONVERSION _b10 _c20130109 _lUCH01 _h1337 |
||
| 650 | 1 | 4 |
_aÁrboles tropicales. _982448 |
| 650 | 1 | 4 |
_aÁrboles _xCrecimiento. _96583 |
| 650 | 1 | 4 |
_aCarapa guianensis. _918774 |
| 650 | 1 | 4 |
_aCedro. _920857 |
| 650 | 1 | 4 |
_aLaurel. _965114 |
| 700 | 0 |
_aVander Poel, Paul. _9117862 |
|
| 830 | 0 | 0 |
_aSerie técnica. Folleto _v; 27 _9105063 |
| 901 | _aBK | ||
| 942 | _cFOLL | ||
| 949 |
_aFolleto 12241 _bBC _cFOLL _d-30553 _eTS1 _i77682 _si |
||
| 999 |
_c67238 _d67238 |
||